Report of the High Level Administrative Reforms Committee (Record no. 489295)

000 -LEADER
fixed length control field 00431cam a22001337a 4500
008 - FIXED-LENGTH DATA ELEMENTS--GENERAL INFORMATION
fixed length control field 180718b1986 xxu||||| |||| 00| 0 eng d
082 ## - DEWEY DECIMAL CLASSIFICATION NUMBER
Classification number I5135x5441 AR/H
100 ## - MAIN ENTRY--PERSONAL NAME
Personal name Gujarat. High Level Administrative Reforms Committee
245 ## - TITLE STATEMENT
Title Report of the High Level Administrative Reforms Committee
260 ## - PUBLICATION, DISTRIBUTION, ETC.
Place of publication, distribution, etc. Gandhinagar
Name of publisher, distributor, etc. The author
Date of publication, distribution, etc. 1986
300 ## - PHYSICAL DESCRIPTION
Extent 108+p.
500 ## - GENERAL NOTE
General note Chairman: G.C. Baveja
700 ## - ADDED ENTRY--PERSONAL NAME
Personal name Baveja, G.C. (Chairman)
Holdings
Withdrawn status Lost status Damaged status Not for loan Permanent Location Current Location Date acquired Full call number Barcode Date last seen Price effective from Koha item type
        Indian Institute of Public Administration Indian Institute of Public Administration 2018-08-04 I5135x5441 AR/H GG21264 2018-08-04 2018-08-04 GG

Powered by Koha